| 000 | 00831nam a2200277 i 4500 | ||
|---|---|---|---|
| 003 | DO-SdBNP | ||
| 005 | 20250519095343.0 | ||
| 007 | ta | ||
| 008 | 250519b2009 dr ||||| |||| 00| 0 spa d | ||
| 020 | _a9789993449652 | ||
| 040 |
_aDO-SdBNP _bspa _cBNPHU _erda |
||
| 041 | _aspa | ||
| 082 | 4 |
_222 _axxx _bxxx |
|
| 100 |
_aNino Féliz, Rafael, _d1954- _eautor _4aut. _924260 |
||
| 245 | 1 | 0 |
_aUna gota de razón / _cRafael Nino Féliz |
| 250 | _aPrimera edición | ||
| 264 |
_aSanto Domingo : _bEditorial Gente, _c2009. |
||
| 300 |
_a75 páginas ; _c21 cm. |
||
| 336 |
_atexto _btxt _2rdacontent |
||
| 337 |
_asin mediación _bn _2rdamedia |
||
| 338 |
_avolumen _bnc _2rdacarrier |
||
| 500 | _aIncluye datos biográficos del autor en la contracubierta | ||
| 590 | _aInventariado, 2025/BT | ||
| 910 | _aBtavárez | ||
| 942 |
_2ddc _cLBS1 |
||
| 999 |
_c59042 _d59042 |
||